[Event "Boeing Playoff"]
[Site "?"]
[Date "1976.09.07"]
[Round "6"]
[White "Lassen, M."]
[Black "Bailey, B."]
[Result "1-0"]
[WhiteElo "1877"]
[BlackElo "1995"]
[Annotator "Stockfish 12 (20s)"]
[PlyCount "63"]

{D02: 1 d4 d5 2 Nf3 sidelines, including 2...Nf6 3 g3 and 2...Nf6 3 Bf4} 1. d4
d5 2. Nf3 Nf6 3. g3 Bf5 4. Bg2 e6 5. Nc3 (5. b3 Be7 6. Bb2 O-O 7. Nbd2 h6 8.
Ne5 Nbd7 9. O-O c6 10. Rc1 a5 11. a3 Bd6 12. Nxd7 Qxd7 13. c4 Qe7 14. c5 Bc7
15. Nf3 Nd7 16. Qd2 e5 17. Nxe5 Nxe5 18. dxe5 Bxe5 19. e3 Rfe8 {
Waldmann,H (2415)-Baumbach,F (2320) Germany 1995 1/2-1/2}) 5... c5 (5... Be7 6.
Ne5 O-O 7. O-O Nbd7 8. Nxd7 Qxd7 9. f3 c5 10. e4 dxe4 11. fxe4 Bg4 12. Qd3
Qxd4+ 13. Be3 Qxd3 14. cxd3 Rfd8 15. e5 Nd5 16. Nxd5 exd5 17. d4 b6 18. Rac1
Rac8 19. b3 h6 20. h3 {Petr,J (1662)-Simak,P (2141) Tabor 2005 0-1}) 6. Nh4
$146 (6. Be3 Nc6 7. dxc5 Qa5 8. a3 Ne4 9. b4 Nxc3 10. bxa5 Nxd1 11. Kxd1 Nxa5
12. Nh4 Bg6 13. Nxg6 hxg6 14. a4 Rc8 15. Rb1 Bxc5 16. Rb5 b6 17. Bxc5 Rxc5 18.
Rxc5 bxc5 19. h4 Nc4 20. Kc1 Kd7 {Orban,S-Van Wagensveld,T Huy 1992 0-1}) (6.
e3 Nc6 7. a3 Be7 8. O-O O-O 9. Nh4 Bg4 10. Ne2 cxd4 11. Qd3 dxe3 12. Bxe3 Ne5
13. Qd1 Nfd7 14. f4 Nc4 15. Bd4 Bxh4 16. h3 Bxe2 17. Qxe2 Bf6 18. c3 Bxd4+ 19.
cxd4 Qb6 20. Qf2 Nf6 {Mutale,E-Korsakova,T (2050) Bled 2002 0-1 (39)}) (6. O-O
Nc6 7. Be3 cxd4 8. Nxd4 Bg6 $11) 6... Bg6 (6... Be4 7. Nf3 Bg6 8. dxc5 $15) 7.
Nxg6 $11 hxg6 8. Bg5 (8. e4 $5 cxd4 9. Qxd4 $11) 8... Qb6 9. Bxf6 (9. dxc5 $142
Bxc5 10. O-O $11) 9... Qxb2 $4 (9... gxf6 $142 10. O-O cxd4 $19) 10. Nxd5 $18
exd5 11. Bg5 Qc3+ (11... f6 12. Rb1 Qxa2 13. Bd2 $18) 12. Kf1 f6 (12... Nd7 13.
Bxd5 cxd4 $18) 13. Be3 (13. Bd2 $142 Qc4 14. Qb1 $18) 13... Nc6 $16 14. Bxd5
cxd4 $2 (14... Rd8 $142 15. Be4 f5 $16) 15. Bd2 $18 Qc5 16. Bf3 (16. c4 dxc3
17. Be3 Qa5 $18) 16... Bd6 $2 (16... Rd8 $5 $16) 17. Rb1 (17. c3 O-O-O 18. Qb3
Qb6 $18) 17... Rb8 $2 (17... O-O-O $142 $5 18. c3 Bc7 19. cxd4 Rxd4 $18) 18.
Kg2 $18 O-O (18... Qc4 19. c3 Ne5 20. cxd4 Nxf3 21. exf3 $18 (21. Kxf3 $6 Qxa2
22. h4 f5 $14)) 19. Rb3 (19. c3 dxc3 20. Bxc3 Be5 21. Bxe5 Nxe5 22. Qd5+ Qxd5
23. Bxd5+ Kh7 24. Rxb7 Rxb7 25. Bxb7 Rd8 $18) 19... b6 (19... Rfd8 $142 20. Qb1
Ne5 $18) 20. a3 $4 (20. e3 Qc4 21. Bc3 Ne5 22. Qxd4 Qxd4 23. exd4 Nxf3 24. Kxf3
Rfe8 $18) 20... a5 $2 (20... Qc4 $142 $5 $16) 21. Qb1 (21. c3 $142 Ne5 22. cxd4
Qxd4 23. Qb1 Qxd2 24. Rd1 Nxf3 25. exf3 (25. Rxd2 $4 Nxd2 26. Qxg6 Nxb3 $19)
25... Qxd1 26. Qxd1 $18) 21... Kh7 $4 (21... Ne5 $142 22. Rb5 Qc7 23. Bd5+ Kh7
$16) 22. Rb5 (22. c3 $142 $5 f5 23. e3 dxe3 24. Bxe3 Qc4 $18) 22... Qc4 23. c3
Ne5 $2 (23... f5 24. Rd5 Rfd8 $18) 24. cxd4 Nxf3 25. exf3 (25. Kxf3 $6 f5 26.
Qd3 Qxd3+ 27. exd3 Bxa3 $14) 25... Bxa3 (25... f5 26. Rd1 $18) 26. Bxa5 $1 Qxd4
(26... bxa5 27. Rxb8 {Deflection Pinning}) 27. Bxb6 (27. Bb4 $142 Bxb4 28. Rxb4
$18 (28. Qxb4 $6 Qxb4 29. Rxb4 Rf7 $11)) 27... Qa4 (27... Qd7 28. h4 f5 $18)
28. Rd1 (28. Rh5+ Kg8 29. Qxg6 Qe8 30. Qh7+ Kf7 $18) 28... f5 (28... Bc5 29.
Rxc5 (29. Bxc5 $6 Rxb5 30. Qxb5 Qxb5 31. Bxf8 g5 $11) 29... Rxb6 30. Rh5+ Kg8
31. Qxb6 gxh5 32. Qe6+ Kh7 33. Rd5 $18) 29. Rd4 Qa6 (29... Qxd4 30. Bxd4 Rxb5
31. Qxb5 $18) 30. Rh4+ Kg8 31. Qb3+ Rf7 32. Rd4 (32. Rd4 Be7 33. Rd7 $18) 1-0

[Event "Sunfair Amateur"]
[Site "?"]
[Date "1976.07.24"]
[Round "1"]
[White "Bailey, B."]
[Black "Eddy, B."]
[Result "1-0"]
[WhiteElo "1995"]
[BlackElo "1779"]
[Annotator "Stockfish 14 (15s)"]
[PlyCount "105"]

{B09: Pirc Defence: Austrian Attack} 1. e4 d6 2. d4 Nf6 3. Nc3 g6 4. f4 Bg7 5.
Nf3 O-O 6. Bc4 a6 7. a4 (7. e5 Ne8 8. Ng5 e6 9. h4 b5 10. Bd3 h6 11. Qf3 Ra7
12. h5 f6 13. exf6 Bxf6 14. Qe4 hxg5 15. Qxg6+ Bg7 16. fxg5 Rf7 17. h6 c5 18.
Qh7+ Kf8 19. hxg7+ Rxg7 20. O-O+ Ke7 21. Qe4 Bb7 {
Luber,R-Calotescu,A (2105) Miercurea Ciuc 1998 1/2-1/2}) 7... c6 (7... Nc6 8.
O-O Na5 9. Ba2 b6 10. e5 Ne8 11. Ng5 e6 12. b4 Nc6 13. Ba3 h6 14. Nf3 a5 15. b5
Nb4 16. Bb3 Bb7 17. Ne2 c6 18. c4 cxb5 19. axb5 Nc7 20. Ba4 Be4 21. Bxb4 axb4
22. Qb3 {Kezele,T (1943)-Blagojevic,B Obrenovac 2005 1-0 (42)}) 8. Bb3 $146 (8.
e5 dxe5 9. fxe5 Nd5 10. Nxd5 cxd5 11. Bd3 Nc6 12. O-O Qb6 13. Kh1 Nb4 14. Be2
Bf5 15. Ne1 Rac8 16. c3 Nc6 17. Rxf5 gxf5 18. Bd3 Nxe5 19. dxe5 Qg6 20. Nf3 Qg4
21. Be3 Rc6 22. Qc2 e6 {Sijpkens,M-Dessing,B Schagen 2003 1-0 (40)}) 8... b6 9.
O-O Bb7 (9... a5 $142 $18) 10. e5 dxe5 11. fxe5 Nd5 12. Nxd5 (12. a5 Nd7 13. h4
e6 $18) 12... cxd5 13. Bg5 $4 (13. h4 $5 Nc6 14. h5 Na5 $18) 13... Qd7 (13...
f6 $142 $5 14. Bh4 Nc6 $16) 14. Qd2 Re8 $2 (14... Nc6 $142 15. Bh6 Na5 $18) 15.
Bh6 Bh8 (15... f5 16. h4 Bxh6 17. Qxh6 e6 $18) 16. Ng5 f6 17. Qf4 Nc6 (17... f5
18. e6 Qd6 19. Qh4 $18) 18. c3 Nd8 19. exf6 (19. Rae1 $142 Rc8 20. exf6 Bxf6
21. Bd1 $18) 19... exf6 20. Ne4 $4 (20. Bc2 $142 a5 21. Rae1 $18) 20... Nf7 $15
21. Ng3 g5 $4 (21... Bc6 $142 $15) 22. Qf5 $18 Rad8 23. Qxd7 Rxd7 24. Nf5 Rdd8
$2 (24... Nd6 25. Nxd6 Rxd6 26. Rae1 $18) 25. Rae1 (25. a5 $142 Nxh6 26. Nxh6+
Kf8 27. Bd1 $18 (27. axb6 $6 Re6 $18)) 25... Bc6 $4 (25... Nxh6 26. Nxh6+ Kf8
27. Rxe8+ Rxe8 $18) 26. h4 (26. Re7 $142 $18) 26... Nxh6 27. Nxh6+ Kg7 (27...
Kf8 28. Rxe8+ Rxe8 29. Ng4 gxh4 30. Nxf6 $18) 28. Nf5+ Kf7 (28... Kf8 29. h5
$18) 29. h5 Rxe1 (29... Bg7 30. Rxe8 Bxe8 $18) 30. Rxe1 Rd7 (30... Bd7 31.
Bxd5+ Kf8 32. Be6 Bxa4 33. Ra1 $18) 31. Kf2 (31. Nh6+ $5 Kg7 32. Nf5+ Kf7 $18)
31... b5 (31... Bg7 32. Nxg7 Kxg7 33. Re6 $18) 32. axb5 (32. Ra1 Bg7 $18) 32...
Bxb5 33. Ra1 Bd3 34. g4 Bxf5 35. gxf5 Rd6 (35... Kg7 36. Rxa6 Kh6 37. Bd1 $18)
36. Ra5 (36. h6 $142 $5 Kf8 $18) 36... Bg7 (36... Kg7 37. Bxd5 Rb6 38. b4 $18)
37. Bxd5+ Ke8 38. Bc4 Rb6 39. b3 (39. Ra2 Bf8 40. Bxa6 Kf7 $18) 39... Kd7 (
39... Bf8 40. Ra2 $18) 40. Bxa6 Rxb3 41. Bb5+ Kd6 (41... Kc8 42. Ra8+ Kb7 43.
Rg8 $18) 42. c4 h6 (42... Ke7 43. Ra7+ Kf8 $18) 43. Ra6+ Ke7 44. Ra7+ Kf8 45.
Ra8+ (45. d5 Kg8 46. d6 Bf8 $18) 45... Ke7 (45... Kf7 46. Ra7+ Kg8 $18) 46.
Ra7+ Kf8 47. d5 Rh3 (47... Kg8 48. d6 Bf8 $18) 48. d6 Rd3 (48... Rh2+ 49. Ke3
Rh3+ 50. Ke4 Rh4+ 51. Kd5 Rh2 52. c5 Rd2+ 53. Kc6 Kg8 54. Bc4+ Kh8 55. Ra8+ Bf8
56. Rxf8+ Kg7 57. Ra8 g4 58. Bd5 g3 59. d7 Rb2 60. d8=Q Rb6+ 61. cxb6 g2 62.
Ra7#) 49. Ra8+ (49. c5 Rd2+ 50. Ke3 Rd5 51. Ke4 Re5+ 52. Kd4 g4 53. d7 Rd5+ 54.
Kxd5 Kg8 55. d8=Q+ Bf8 56. Kd4 g3 57. Bc4+ Kh8 58. Qxf8#) 49... Kf7 50. Be8+ (
50. c5 Rd2+ 51. Ke3 Rxd6 52. Ra7+ Kg8 53. Bc4+ Kh8 54. Ra8+ Rd8 55. Rxd8+ Bf8
56. Rxf8+ Kg7 57. Rf7+ Kh8 58. c6 g4 59. c7 g3 60. c8=Q#) 50... Kg8 51. d7 Bf8
52. d8=Q Bc5+ 53. Ke2 (53. Ke2 Rxd8 54. Rxd8 Kf8 55. Bb5+ Ke7 56. Rd5 Bb4 57.
c5 Bxc5 58. Rxc5 Kd6 59. Rc6+ Ke5 60. Bd3 Kd4 61. Rxf6 g4 62. Ra6 g3 63. f6 g2
64. Ra1 g1=Q 65. Rxg1 Kc3 66. f7 Kb2 67. f8=Q Kc3 68. Qc5+ Kb2 69. Rb1+ Ka2 70.
Qa5#) 1-0

[Event "Sunfair Amateur"]
[Site "?"]
[Date "1976.07.24"]
[Round "2"]
[White "Karch, R."]
[Black "Bailey, B."]
[Result "0-1"]
[WhiteElo "1811"]
[BlackElo "1995"]
[Annotator "Stockfish 14 (15s)"]
[PlyCount "128"]

{D35: Queen's Gambit Declined: Exchange Variation} 1. d4 d5 2. c4 e6 3. Nf3 Nf6
4. g3 c6 5. Bg2 Nbd7 6. cxd5 exd5 7. O-O Bd6 8. Nc3 O-O 9. Nd2 Qb6 10. Nb3 $146
(10. Qa4 Bb4 11. e4 Qxd4 12. Nb3 Qc4 13. Nd2 Qc5 14. Qb3 d4 15. Ne2 Re8 16. Nf3
Rxe4 17. Nf4 Qb6 18. a3 Bc5 19. Qa2 Re7 20. b4 Bd6 21. Rd1 Ne5 22. Nxd4 Bg4 23.
Be3 Bxd1 24. Nxc6 Qc7 {
Adair,R (2103)-Ochmann,R (1944) Bad Homburg 2006 0-1 (41)}) (10. e4 $5 Qxd4 11.
exd5 Nxd5 12. Nxd5 cxd5 13. Ne4 $11) 10... Re8 11. Qc2 (11. a4 a5 12. Re1 Bb4
$15) 11... h6 (11... a5 12. e4 Nxe4 13. Nxe4 dxe4 14. Bxe4 $17) 12. Bd2 (12. e4
Nxe4 13. Nxe4 dxe4 14. Bxe4 Nf6 $15) 12... Nf8 (12... a5 13. a4 $17) 13. Kh1 (
13. e4 Nxe4 14. Nxe4 dxe4 15. Bxe4 Be6 $15) 13... Bg4 (13... a5 14. e3 $17) 14.
Rae1 (14. f3 Bh5 15. e4 Bg6 $17) 14... Bh5 (14... a5 15. e3 $17) 15. f3 (15. f4
a5 16. e3 Bg4 $17) 15... Ne6 (15... a5 $142 16. Na4 Qb5 $17) 16. e4 $2 (16. Na4
$142 Qa6 17. Nc3 $15) 16... Nxd4 $19 17. Nxd4 Qxd4 18. Be3 (18. Ne2 Qb6 19. Nf4
dxe4 20. fxe4 Be5 $19) 18... Qc4 19. b3 $2 (19. Qd2 Bb4 (19... dxe4 $6 20. g4
exf3 21. Rxf3 Bxg4 22. Rxf6 Bxh2 23. b3 $15) 20. Bd4 dxe4 21. Bxf6 exf3 (21...
gxf6 $6 22. Rxe4 Rxe4 23. fxe4 $19) 22. Bxf3 Bxf3+ 23. Rxf3 gxf6 $19) 19... Qb4
(19... Qa6 $142 $5 20. g4 Bg6 21. Bd4 $19) 20. a3 Qa5 21. b4 Qc7 (21... Qa6
$142 22. g4 Bg6 $19) 22. Qf2 $4 (22. exd5 $142 Bg6 23. Qd2 Nxd5 24. Nxd5 cxd5
25. Qxd5 $17) 22... dxe4 $19 23. Nxe4 Nxe4 24. fxe4 b6 25. Bf4 Bxf4 (25... Be5
$142 $19) 26. gxf4 $17 f6 27. Qh4 Bf7 28. Rg1 $2 (28. e5 $5 fxe5 29. f5 $17)
28... Rad8 $19 29. Bf3 (29. Re3 Kh8 30. Rg3 Bg8 $19) 29... Kh8 30. Rg3 Re7 31.
Reg1 Bc4 $4 (31... Bg8 $142 32. Rg6 Rf7 $19) 32. f5 $4 (32. Rg6 $142 Rde8 33.
e5 $11) 32... Rde8 (32... Qe5 33. Rg6 $19) 33. Rh3 (33. e5 $142 Qxe5 34. Qxc4
Qxf5 35. Bxc6 $18 (35. Qxc6 $6 Rc8 36. Qa4 Rc3 $18)) 33... Rxe4 (33... Bb3 $142
$19) 34. Bxe4 Rxe4 $1 35. Qg3 $4 (35. Qxe4 Bd5 {Combination}) 35... Qxg3 (35...
Bd5 36. Rf1 Rg4+ 37. Kg1 Rxg3+ 38. Rxg3 Qe5 $19) 36. Rhxg3 (36. hxg3 $4 Bd5 37.
Rf1 Re2+ 38. Kg1 Rg2+ 39. Kh1 Rf2+ 40. Kg1 Rg2+ 41. Kh1 Rxg3+ 42. Kh2 Rg2+ 43.
Kh1 Kh7 $19) 36... Bd5 37. Kg2 Rxb4+ 38. Kh3 Rf4 (38... Rb3 $142 $11) 39. Rxg7
$16 Rxf5 40. R7g6 $4 (40. Rxa7 Rh5+ 41. Kg3 Rg5+ 42. Kf2 $16) 40... Rh5+ $11
41. Kg3 Rg5+ 42. Rxg5 hxg5 43. h4 (43. Re1 $142 $5 $11) 43... Kg7 $17 44. hxg5
fxg5 45. Rf1 $4 (45. Kf2 $15) 45... Kg6 (45... b5 $142 46. a4 b4 $19) 46. Rf8
$11 a5 47. Ra8 Bc4 48. Ra7 $4 (48. Rc8 Bb5 $11) 48... Kf6 (48... Kf5 $142 49.
Kf3 Bd5+ 50. Kf2 Kf4 $19) 49. Rc7 $11 Bd5 50. Ra7 Bc4 51. Rc7 Bb5 52. Rb7 Ke5
53. Rxb6 a4 54. Rb8 Kd4 55. Kg4 $4 (55. Rg8 $142 $11) 55... Kc3 $19 56. Re8 Bc4
(56... Kb2 57. Re1 Kxa3 $19) 57. Kxg5 $11 c5 58. Rc8 Kd4 59. Kf4 Bb3 60. Rd8+
Kc3 61. Ke4 Kb2 62. Kd3 $4 (62. Rh8 $142 $11) 62... c4+ 63. Ke3 Kxa3 64. Rc8
Kb2 0-1

[Event "Sunfair Amateur"]
[Site "?"]
[Date "1976.07.24"]
[Round "3"]
[White "Bailey, B."]
[Black "Alcorn, L."]
[Result "1-0"]
[WhiteElo "1995"]
[BlackElo "1780"]
[Annotator "Stockfish 14 (15s)"]
[PlyCount "85"]

{C77: Ruy Lopez: 3...a6 4 Ba4 Nf6, unusual lines} 1. e4 e5 2. Nf3 Nc6 3. Bb5 a6
4. Ba4 Nf6 5. Qe2 b5 6. Bb3 Bc5 7. O-O O-O 8. c3 d6 9. Rd1 Bg4 10. d3 h6 11.
Nbd2 (11. h3 Bh5 {1/2-1/2 (11) Dutschak,H (2335)-Vatter,H (2280) Germany 1993})
11... Qd7 12. Nf1 $146 (12. h3 Be6 13. Nf1 Rae8 14. Ng3 Bb6 15. Kh2 Ne7 16. Nh4
Kh7 17. Qf3 Ng4+ 18. Kg1 Nxf2 19. Be3 Bxe3 20. Qxe3 Nxd1 21. Rxd1 c5 22. Rf1
Bxb3 23. axb3 g6 24. Rf6 Ng8 25. Rf3 Qe7 26. Nhf5 gxf5 {
Lugasi,Z (2045)-Weisz,T (1976) Balatonlelle 2006 0-1 (60)}) 12... Bxf3 (12...
Be6 13. Ng3 Bxb3 14. axb3 $11) 13. Qxf3 $16 Ne7 $4 (13... Qg4 $142 $16) 14. d4
$18 exd4 15. cxd4 Bb6 16. Bxh6 (16. e5 $142 Nh7 17. Bxf7+ Kh8 18. e6 $18) 16...
gxh6 (16... d5 17. e5 Ne4 $18) 17. Qxf6 Kh7 18. Bc2 (18. Ne3 $142 Qd8 19. Rac1
Ng8 20. Qf5+ Kh8 $18) 18... Ng6 (18... Qe6 19. Qf3 $18) 19. Ng3 (19. Ne3 Qe6
20. Qf3 Rab8 $18) 19... Qe6 (19... Qd8 20. Qf3 Kh8 21. a4 $18) 20. Qf3 Rg8 (
20... Kh8 21. a4 bxa4 22. Rxa4 $18) 21. Bb3 (21. Nf5 Rae8 $18) 21... Qe7 (21...
Nh4 22. Qxf7+ (22. Bxe6 $6 Nxf3+ 23. gxf3 fxe6 $16) 22... Qxf7 23. Bxf7 $18)
22. Qxf7+ Qxf7 23. Bxf7 Rg7 24. Bxg6+ Rxg6 25. Nf5 (25. Kf1 Rf8 26. Rd2 Rf4 $18
) 25... Rf8 (25... Re8 26. Re1 Rge6 $18) 26. f3 d5 (26... c6 27. Rac1 d5 28.
Kf2 $18) 27. Ne7 Rg7 (27... dxe4 28. Nxg6 Kxg6 29. fxe4 $18) 28. Nxd5 Rxf3 (
28... Ba7 29. Kf1 $18) 29. Nxb6 cxb6 30. Rd2 (30. d5 $142 $18) 30... Re3 31. e5
Rg4 (31... Re4 $18) 32. Rf1 (32. h3 Rg8 33. Kf2 Reg3 $18) 32... b4 33. Rf6 (33.
Rf7+ $142 Kg6 34. Rf6+ Kg7 $18) 33... a5 (33... Re1+ 34. Kf2 Ree4 35. d5 Rxe5
36. d6 $18) 34. e6 Kg7 (34... a4 35. d5 $18) 35. Rf7+ Kg8 (35... Kg6 36. d5
Rge4 37. Kf2 $18) 36. d5 Rg6 37. Rc2 Rg7 38. Rc8+ Kh7 39. Kf2 Re5 40. Rxg7+
Kxg7 41. d6 Rf5+ 42. Ke3 (42. Kg3 Rg5+ 43. Kh4 Kg6 44. e7 Rh5+ 45. Kg3 Rg5+ 46.
Kf4 Rf5+ 47. Ke4 Kf6 48. e8=Q Rg5 49. Qe7+ Kg6 50. Rg8+ Kh5 51. Rxg5+ hxg5 52.
Qh7+ Kg4 53. Qh3#) 42... Rf8 43. d7 (43. d7 Rf1 44. d8=Q b3 45. Qe7+ Kg6 46. g4
Re1+ 47. Kd2 Re2+ 48. Kxe2 h5 49. Rg8+ Kh6 50. Qg7#) 1-0

[Event "Sunfair Amateur"]
[Site "?"]
[Date "1976.07.25"]
[Round "4"]
[White "Reeve, J."]
[Black "Bailey, B."]
[Result "1/2-1/2"]
[WhiteElo "1975"]
[BlackElo "1995"]
[Annotator "Stockfish 14 (15s)"]
[PlyCount "63"]

{C69: Ruy Lopez: Exchange Variation with 5 0-0 f6} 1. e4 e5 2. Nf3 Nc6 3. Bb5
a6 4. Bxc6 dxc6 5. O-O f6 6. d4 exd4 7. Nxd4 c5 8. Nb3 Qxd1 9. Rxd1 Bd7 10. Bf4
O-O-O 11. Nc3 Be6 12. Rxd8+ Kxd8 13. Rd1+ Kc8 14. Nd5 Bxd5 15. Rxd5 b6 16. Rd1
Ne7 17. Be3 $146 (17. g4 Ng6 18. Bg3 Bd6 19. Bxd6 Rd8 20. Kg2 cxd6 21. Kg3 Kc7
22. Nc1 Ne7 23. Ne2 g5 24. Nc3 Kc6 25. Nd5 Nxd5 26. exd5+ Kb5 27. Re1 {
1/2-1/2 (27) Barendregt,J-Robatsch,K Amsterdam 1966}) (17. Nd2 Ng6 18. Bg3 Bd6
19. Kf1 Re8 20. f3 Bxg3 21. hxg3 Ne5 22. Ke2 Kb7 23. Rh1 h6 24. Rh5 Kc6 25. Ke3
a5 26. a4 Rd8 27. f4 Nf7 28. b3 Re8 29. Nf3 Kd7 30. g4 g5 31. g3 Rg8 {
Malisauskas,V (2475)-Donchenko,A (2385) Uzhgorod 1988 1-0 (59)}) (17. a4 a5 18.
Nd2 Nc6 19. c3 g6 20. Nc4 Bg7 21. Na3 Rd8 22. Rxd8+ Nxd8 23. Nc4 {
1/2-1/2 (23) Sobyanin,V (2277)-Kostiuk,T (2316) Serpukhov 2004}) (17. c3 g5 18.
Bg3 Ng6 19. Nd2 Bg7 20. Nc4 Re8 21. f3 Re6 22. Ne3 Ne7 23. h4 h5 24. Kf2 Bh6
25. Nd5 Nxd5 26. Rxd5 c6 27. Rd1 c4 {
1/2-1/2 (27) Groenegress,W-Bilo,H Brakel 1967}) (17. Bg3 Nc6 18. c3 Be7 19. f4
Rd8 20. Rxd8+ Kxd8 21. Kf2 Kd7 22. Kf3 c4 23. Nd2 b5 24. e5 fxe5 25. fxe5 Ke6
26. Ke4 Bg5 27. Nf3 Bc1 28. b3 cxb3 29. axb3 a5 30. Kd3 a4 31. Kc2 Be3 {
Longwitz,A-Oechslein,R Voelklingen 1970 0-1 (47)}) 17... Ng6 18. f4 Bd6 19. g3
Re8 20. Nd2 Kb7 21. Kf2 Kc6 22. Kf3 Be7 (22... h5 23. Nc4 $16) 23. Nb1 (23. Nc4
Nh8 $16) 23... Rd8 24. Rxd8 Bxd8 25. Nc3 Kd6 26. Bd2 c6 (26... Ne7 27. Nd1 $16)
27. Nd1 Bc7 28. Ne3 (28. b3 Nf8 $18) 28... Ne7 (28... Ke7 $142 $16) 29. Nf5+ $4
(29. g4 $142 Ke6 30. f5+ Kf7 31. h4 $18) 29... Nxf5 $11 30. exf5 Kd5 31. g4 b5
(31... a5 32. h4 $11) 32. Ke3 1/2-1/2

[Event "Sunfair Amateur"]
[Site "?"]
[Date "1976.07.25"]
[Round "5"]
[White "Bailey, B."]
[Black "Haessler, C."]
[Result "1-0"]
[WhiteElo "1995"]
[BlackElo "1905"]
[Annotator "Stockfish 14 (15s)"]
[PlyCount "47"]

{B15: Caro-Kann: 3 Nc3: 3...g6 and 3...dxe4 4 Nxe4 Nf6 5 Nxf6+ exf6} 1. e4 g6
2. d4 Bg7 3. Nc3 c6 4. Nf3 d5 5. Be2 Bg4 6. Be3 e6 7. O-O h5 $146 (7... Ne7 8.
Qd2 O-O 9. Bg5 (9. Rad1 Bxf3 10. Bxf3 Nd7 11. Bh6 f5 12. exd5 exd5 13. Rfe1 Nf6
14. Bxg7 Kxg7 15. Be2 Ne4 16. Qf4 Nxc3 17. Qe5+ Rf6 18. bxc3 Kf7 19. c4 Re6 20.
Qg3 Qa5 21. Qb3 Re8 22. c3 Ng8 23. cxd5 cxd5 {
Shianovsky,V (2340)-Artamonova,V (2150) Kiev 1998 1-0 (62)}) 9... Nd7 10. Rad1
Re8 11. h3 Bxf3 12. Bxf3 Nb6 13. b3 Qd7 14. a4 Rad8 15. Rfe1 f6 16. Bh4 g5 17.
Bg3 dxe4 18. Bh5 Ng6 19. Nxe4 Nc8 20. Qb4 b6 21. Qc4 Re7 22. b4 {
Van den Berg,C-Gereben,E Beverwijk 1961 1-0 (41)}) (7... Nd7 8. exd5 exd5 9.
Qd2 (9. h3 Bxf3 10. Bxf3 Ne7 11. Re1 O-O 12. Bg5 Nf6 13. Qd2 Re8 14. Na4 b6 15.
g4 Qd6 16. Re2 Rac8 17. Rae1 Kf8 18. Bf4 Qd7 19. g5 Nfg8 20. Bg4 Nf5 21. Qb4+
c5 22. dxc5 Rxe2 23. Rxe2 Nge7 {
Hutchinson,N (2120)-Lister,D (2088) Islington 1972 1-0}) 9... h5 10. Rae1 Nh6
11. Bf4 Kf8 12. Ne5 Nxe5 13. dxe5 Be6 14. Bd3 Qa5 15. Kh1 Re8 16. Bg5 Nf5 17.
f4 h4 18. Bxf5 Bxf5 19. Bf6 Qc5 20. h3 b5 21. a3 a5 22. Re2 {
Pawlick,H-Wiener,H Neubrandenburg 1999 1-0 (40)}) (7... Nf6 8. h3 Bxf3 9. Bxf3
Nbd7 10. Qd2 Nb6 11. b3 Nc8 12. Rad1 Ne7 13. Bh6 O-O 14. Bxg7 Kxg7 15. e5 Nd7
16. Na4 Nf5 17. g3 Qe7 18. c3 c5 19. Bg4 cxd4 20. cxd4 Nh6 21. Be2 Rac8 22. Bb5
{Mukniashvili-Gurgenidze,B Gori 1968 0-1 (50)}) (7... Nd7 8. Re1 $14) 8. h3
Bxf3 9. Bxf3 (9. gxf3 $6 Bh6 10. Qd2 Qh4 $11) 9... Nd7 10. Re1 dxe4 $2 (10...
Ne7 $142 $16) 11. Nxe4 $18 Qc7 (11... Ndf6 12. Nc5 Qc7 13. Qd2 $18) 12. Qd2 (
12. c4 $142 Ngf6 13. Nxf6+ Nxf6 14. d5 $18) 12... Bh6 $2 (12... Ndf6 13. Nc5
Rd8 $18) 13. c4 Bxe3 14. Qxe3 (14. fxe3 $6 Ngf6 $14) 14... Nh6 (14... Ne7 15.
Qa3 Nb6 16. Rac1 $18) 15. Qg5 (15. d5 $142 $5 Nf5 16. Qa3 a6 $18) 15... Nf5 (
15... Kf8 16. d5 cxd5 17. cxd5 exd5 18. Nf6 Nxf6 19. Qxf6 $18) 16. d5 $1 cxd5 (
16... cxd5 17. Nc3 {Discovered attack}) (16... exd5 17. Nc3+ {
Decoy Double attack}) 17. cxd5 e5 18. Nf6+ Nxf6 (18... Kf8 19. Rac1 Qd8 20.
Nxd7+ Qxd7 21. Qf6 $18) 19. Qxf6 O-O 20. Rxe5 Ng7 (20... Rfe8 21. Rxf5 gxf5 22.
Bxh5 Rad8 23. Qg5+ Kf8 24. Qh6+ Kg8 25. Qg5+ Kf8 $18) 21. d6 Qb6 (21... Qd8 22.
Re7 Ne8 23. Qe5 Qxd6 24. Rxe8 Qxe5 25. Rxe5 $18) 22. Bd5 Qxb2 (22... Rad8 23.
Rd1 Rxd6 24. Qxd6 Qxd6 25. Bxf7+ Kxf7 26. Rxd6 $18) 23. Rae1 Rae8 (23... Qd2
24. Bb3 Rad8 $18) 24. Bxf7+ $1 (24. Bxf7+ Rxf7 25. Rxe8+ Kh7 26. Qxf7 a5 27. d7
Qd2 28. d8=Q Qxd8 29. Rxd8 Kh6 30. Rh8+ Kg5 31. h4+ Kxh4 32. Qf4#) 1-0

[Event "Oregon Open"]
[Site "?"]
[Date "1976.09.04"]
[Round "1"]
[White "Bailey, B."]
[Black "Henry, R."]
[Result "1-0"]
[WhiteElo "1805"]
[BlackElo "1600"]
[Annotator "Stockfish 12 (20s)"]
[PlyCount "97"]

{B84: Sicilian Scheveningen: 6 Be2 a6, lines without early Be3} 1. e4 c5 2. Nf3
d6 3. d4 cxd4 4. Nxd4 Nf6 5. Nc3 a6 6. Be2 e6 7. Be3 b5 8. a3 Bb7 9. f3 Be7 10.
O-O Nbd7 11. Nb3 (11. Qe1 Rc8 12. Rd1 O-O 13. g4 Ne5 14. g5 Nfd7 15. Qg3 Nc4
16. Bxc4 Rxc4 17. h4 g6 18. h5 b4 19. axb4 Rxb4 20. hxg6 hxg6 21. Kg2 Re8 22.
Rh1 Bf8 23. Qh2 Bg7 24. Qxd6 Rxb2 25. Nde2 Bc8 {
Braylovsky,G (2327)-Yudasin,L (2558) New York 2003 0-1 (42)}) 11... Rc8 $146 (
11... Qc7 12. Qe1 d5 (12... O-O 13. Qg3 Kh8 14. Rad1 Rac8 15. Rd2 Ne5 16. Rfd1
Nc4 17. Bxc4 Qxc4 18. Na5 Qc7 19. Nxb7 Qxb7 20. e5 dxe5 21. Qxe5 Qc7 22. Qxc7
Rxc7 23. Bb6 Rc6 24. Bd4 Rc7 25. Be5 Rb7 26. Bd6 Re8 27. Bxe7 {
Abreu Santos,E (1823)-Henrique,J (1779) Teresinha 2001 1-0 (43)}) 13. Qf2 O-O
14. exd5 Nxd5 15. Nxd5 Bxd5 16. Rac1 Rac8 17. Rfd1 Bf6 18. Nd4 Rfd8 19. c3 Qb7
20. Qf1 Ne5 21. b3 Qe7 22. f4 Ng6 23. c4 bxc4 24. bxc4 Be4 25. Rc3 e5 26. fxe5
{Nguyen Ngoc Hiep-Nguyen Tuan Loc Vietnam 2002 0-1 (38)}) (11... O-O 12. Qd2
Ne5 (12... Rc8 13. g4 h6 14. g5 hxg5 15. Bxg5 Nh7 16. Bxe7 Qxe7 17. Rad1 d5 18.
exd5 exd5 19. Bd3 Qg5+ 20. Qxg5 Nxg5 21. Bf5 Rfd8 22. Nxd5 Bxd5 23. Rxd5 Nf6
24. Rxd8+ Rxd8 25. h4 Ngh7 26. Bxh7+ Kxh7 27. Kf2 {
Serrano Bouzada,E-Simonet Planas,A Llucmajor 2001 1/2-1/2}) 13. Nd4 Rc8 14.
Rac1 Nfd7 15. f4 Nc4 16. Bxc4 Rxc4 17. f5 e5 18. Nde2 Nf6 19. Bg5 Nxe4 20. Nxe4
Bxe4 21. f6 Bxf6 22. Bxf6 gxf6 23. b3 Rc6 24. Ng3 Bg6 25. h4 d5 26. Nf5 {
Skawinski,M (1800)-Dawidczyk,A (1800) Polanica Zdroj 2005 0-1 (51)}) (11... d5
12. exd5 Nxd5 13. Nxd5 Bxd5 14. a4 $15) 12. Qe1 (12. Qd4 Qc7 $11) 12... Nb6 (
12... O-O $142 $5 $17) 13. Na5 (13. a4 Nc4 14. Bd4 b4 $11) 13... Ba8 (13... Qc7
14. Bd4 Nc4 15. Bxc4 bxc4 16. Na4 $11) 14. Qf2 (14. a4 Nc4 15. Nxc4 bxc4 $11)
14... Nc4 (14... Nbd7 $5 15. Nb3 O-O $15) 15. Nxc4 $11 bxc4 16. Na4 Qa5 $4 (
16... d5 $142 $14) 17. Nb6 $18 Rb8 (17... Rc6 18. Nxc4 (18. Nxa8 $6 Nd7 19. b4
Qd8 $18) 18... Qc7 19. Nb6 $18) 18. Nxc4 (18. Bxc4 Bd8 19. Nxa8 Rxa8 $18) 18...
Qc7 19. Ba7 (19. Bb6 Qb7 20. Bd4 O-O $18) 19... d5 (19... O-O 20. Bxb8 Rxb8 21.
b4 $18) 20. Bxb8 Qxb8 21. e5 Nd7 (21... dxc4 22. exf6 Bxf6 23. Bxc4 O-O $18)
22. Nd6+ $1 Bxd6 23. exd6 Qxd6 (23... O-O 24. c4 Qxd6 25. b4 $18) 24. Rfd1 (24.
b4 O-O $18) 24... O-O 25. b4 Qc6 (25... Bc6 26. c4 $18) 26. c4 $1 dxc4 (26...
Qa4 27. Qa7 Ne5 28. cxd5 Bxd5 29. Qe3 $18) 27. Rac1 Nb6 (27... Ne5 28. Qd4 Ng6
29. Bxc4 $18) 28. Qh4 (28. Qc5 $142 Qb5 29. Rd6 Nc8 $18) 28... c3 (28... Nd5
29. Bxc4 Qa4 30. Bxd5 Bxd5 31. Rd3 $18) 29. Rd8 Qc7 (29... Nd7 30. Rxf8+ Nxf8
31. Qd4 $18) 30. Rxf8+ Kxf8 31. Rxc3 $3 Qd6 (31... Qxc3 32. Qd8# {
Mate attack Deflection}) (31... -- $140 32. Rxc7 {Mate threat}) 32. Rd3 (32.
Qf2 $5 Ke7 33. Qc5 Nd5 34. Qxd6+ Kxd6 $18) 32... Nd5 (32... Bd5 33. Qd4 $18)
33. Qxh7 Bc6 34. Rd1 Ba4 35. Rd2 (35. Qh8+ Ke7 36. Qh4+ f6 $18) 35... Qe5 (
35... Qf4 36. Qd3 Bb5 $18) 36. Qh8+ Ke7 37. Qh4+ f6 (37... g5 38. Qd4 Qc7 39.
Qc5+ Qxc5+ 40. bxc5 $18) 38. Qd4 Qxd4+ (38... Qc7 39. Qc5+ Qxc5+ 40. bxc5 $18)
39. Rxd4 Nc7 40. Rc4 Kd6 (40... Nb5 41. Bd3 $18) 41. Rxc7 Kxc7 42. Bxa6 Kb6 43.
Bc4 e5 (43... Kc6 44. Kf2 $18) 44. Kf2 Bc2 45. Ke3 f5 46. Bd3 Bxd3 47. Kxd3 Kb5
48. h4 Kc6 49. g4 1-0